000 00484nam a2200205Ia 4500
003 OSt
005 20140426083755.0
008 140130s9999 xx 000 0 und d
020 _a0439587433
050 _aPZ 7
_b.L114 2003
100 _aLabatt, Mary
245 _cMary Labatt
_aPizza for Sam /
260 _bScholastic,
_c2003.
_aNew York :
300 _a32 p. :
_bcol. ill. ;
_c24 cm.
440 _v1
521 _aG1
526 _c170
942 _cBK
_2lcc
999 _c39913
_d39913